Dictionnaire de l'urbanisme et de l'amnagement
Αποθηκεύτηκε σε:
| Άλλοι συγγραφείς: | , |
|---|---|
| Μορφή: | Βιβλίο |
| Γλώσσα: | English |
| Δημοσίευση: |
Paris :
Presses universitaires de France,
2005
|
| Έκδοση: | Nouv. ed. |
| Σειρά: | Quadrige (Presses universitaires de France). Dicos poche
Quadrige (Presses universitaires de France). Manuel |
| Θέματα: | |
| Ετικέτες: |
Προσθήκη ετικέτας
Δεν υπάρχουν, Καταχωρήστε ετικέτα πρώτοι!
|
MARC
| LEADER | 00000nam a2200000 i 4500 | ||
|---|---|---|---|
| 001 | 1/73329 | ||
| 008 | 080205s2005 eng d | ||
| 020 | |a 2-13-054773-7 | ||
| 035 | |l 10094368 | ||
| 040 | |a GR-MY-UA |b gre |e aacr | ||
| 041 | 0 | |a eng | |
| 082 | 0 | |a 307.121603 |2 (22) | |
| 245 | 1 | 0 | |a Dictionnaire de l'urbanisme et de l'amnagement / |c publie sous la direction de Pierre Merlin et Franoise Choay ; coordination generale, Pierre Merlin |
| 250 | |a Nouv. ed. | ||
| 260 | |a Paris : |b Presses universitaires de France, |c 2005 | ||
| 300 | |a xxii, 963 σ.; |c 20 εκ. | ||
| 490 | 1 | |a Quadrige. Dicos Poche | |
| 490 | 1 | |a Quadrige/Manuel | |
| 500 | |a Nouvelle edition mise a jour, 1re ed "Quadrige" | ||
| 650 | 0 | 0 | |a City planning |x Dictionaries |x French. |
| 650 | 0 | 0 | |a Regional planning |x Dictionaries |x French. |
| 650 | 0 | 0 | |a Cities and towns |x Dictionaries |x French. |
| 700 | 1 | |a Merlin, Pierre. |4 edt |4 oth | |
| 700 | 1 | |a Choay, Francoise. |4 edt | |
| 830 | 0 | |a Quadrige (Presses universitaires de France). Dicos poche | |
| 830 | 0 | |a Quadrige (Presses universitaires de France). Manuel | |
| 852 | |a INST |b LESVOS |e 20080205 |h 307.121603 DIC |p 005100040238 |q 005100040238 |t REF |y 23 | ||
| 901 | |a BIBL1-2008-1 | ||
| 909 | |a Λ |b 144589 | ||
| 922 | |a 1ΕΛΗ |b 200801 |c ΕΠΕΑΕΚ2/ΤΓ |d ΠΑΠΑΣΩΤΗΡΙΟΥ | ||
| 970 | |a ΚΑΡΑ |b ΓΙΑΣΕΜΗ |z 2008/02/05 | ||